000 00690nam a2200253Ia 4500
003 OSt
005 20220918193314.0
006 a|||||r|||| 00| 0
007 ta
008 220917b |||||||| |||| 00| 0 eng d
024 _a72,551
037 _cTextual
040 _aARTS
_cARTS
_beng
041 _2eng
_aeng
082 _aR4941, L6
100 _aTatarkiewicz Wladyslaw
_981444
245 0 _aAnalysis of happiness
260 _aHague
_bPolish Scientific Pub
_c1976
300 _axii,356p.
_ccm.
490 _aMelbourne international philosophy series; 3
650 _aETHICS
942 _hR4941, L6
_cTEXL
_2CC
999 _c198539
_d198539